• 首页
  • 本馆介绍
  • 公告通知
  • 最新文献
  • 馆藏检索
  • 电子资源
  • 读者导购
  • 参考咨询
  • 我的图书馆
  • 登录
  • 详细信息显示
  • 放入我的书架
  • 预约/预借图书
  • 作者相关作品
  • 分类相关作品
  • 丛书相关作品
  • 出版社相关作品

书目信息

  • 表格格式
  • 工作单格式
  • 卡片格式
题名:
集与函数的理论初阶
    
 
作者: 亚历山大罗夫 著 ;杨永芳 译
分册: 上册  
出版信息: 北京   商务印书馆  1956
页数: 175页
开本: 20cm
丛书名:
单 册:
中图分类: O174.13
科图分类:
主题词: 数学分析
电子资源:
ISBN:
000 00765nam0 2200253 450
001 0655830468
005 20060725102606.39
010    @dCNY0.70
091    @a13017.73
100    @a20060724d1956 km y0chiy0120 ea
101 0  @achi
102    @aCN@b110000
102    @aCN@b110000
200 1  @a集与函数的理论初阶@h上册@Aji yu han shu de li lun chu jie@f(苏联)п.C.亚历山大罗夫著@F(su lian)п.C.ya li shan da luo fu zhu@g杨永芳译@Gyang yong fang yi
205    @a3版
210    @a北京@c商务印书馆@d1956
215    @a175页@d20cm
300    @a高等学校教学用书
606 0  @a数学分析
690    @aO174.13@v3
701  0 @a亚历山大罗夫@Aya li shan da luo fu@4著
702  0 @a杨永芳@Ayang yong fang@4译
801  0 @aCN@bPFT@c20060725
905    @dO174.13@e139:1≈2=3
    
    集与函数的理论初阶.上册/(苏联)п.C.亚历山大罗夫著/杨永芳译.-3版.-北京:商务印书馆,1956
    175页;20cm
    高等学校教学用书
    
    ISBN :CNY0.70
    
●
相关链接 在E读中查询图书 在五车中查询图书 在当当中查询图书 在豆瓣中查询图书


正题名:集与函数的理论初阶     索取号:O174.13/139:1≈2=3         预约/预借

序号 登录号 条形码 馆藏地/架位号 状态 备注
1 0431410   204314107   密集书库/ [索取号:O174.13/139:1≈2=3] 在馆    
唐山师范学院图书馆 欢迎您!
大连网信软件有限公司© 版权所有